00379nam a22001217a 450000500170000000800410001704100090005808200080006710000530007524500580012826000510018630000200023720260123171658.0260123b |||||||| |||| 00| 0 eng d aeng  bJOS aJoshi Isha- 2k241094 & Dr. Arpita Singh– Guide aAn Analysis of Employee Satisfaction at the Topmentor aPunebSavitribai Phule Pune University c2025 a70pbHard Bound